00279nam a2200085Ia 4500008004100000041000800041100001900049245009200068260003300160241105s9999 xx 000 0 und d aeng aAthavale Punav aLandscape Enhancement At Interfaces Of Boundaries : Mayureshwar Wildlife Sanctuary Supe bM Arch Landscape, Punec2014